Statistics for Random Fast Typing - 7 Letter Words

Click here to take the quiz!

General Stats

  • This quiz has been taken 4,452 times
  • The average score is 11 of 20

Answer Stats

WordAnswer% Correct
decideddecided
100%
holdingholding
100%
includeinclude
100%
pursuedpursued
100%
sharplysharply
100%
mattersmatters
91%
editionedition
90%
perfectperfect
90%
uselessuseless
90%
capitalcapital
89%
presentpresent
89%
seventhseventh
89%
warfarewarfare
89%
mothersmothers
88%
musclesmuscles
88%
settledsettled
88%
stampedstamped
88%
measuremeasure
86%
mistakemistake
86%
productproduct
86%
boilingboiling
85%
claimedclaimed
85%
delightdelight
85%
fittingfitting
85%
minutesminutes
85%
serviceservice
85%
thoughtthought
85%
visitedvisited
85%
whitherwhither
85%
drawingdrawing
84%
banquetbanquet
83%
climbedclimbed
83%
fellowsfellows
83%
happenshappens
83%
salutedsaluted
83%
formatsformats
82%
inquireinquire
82%
justifyjustify
82%
leadingleading
82%
rejoicerejoice
82%
viewingviewing
82%
writtenwritten
82%
plannedplanned
81%
acquireacquire
80%
charitycharity
80%
commentcomment
80%
emergedemerged
80%
fashionfashion
80%
fictionfiction
80%
heavensheavens
80%
noticednoticed
80%
proceedproceed
80%
specialspecial
80%
statelystately
80%
versionversion
80%
weddingwedding
80%
battlesbattles
79%
bordersborders
79%
ceilingceiling
79%
certaincertain
79%
personspersons
79%
proposepropose
79%
servantservant
79%
thereofthereof
79%
worriedworried
79%
complexcomplex
78%
diamonddiamond
78%
painterpainter
78%
programprogram
78%
speciesspecies
78%
startedstarted
78%
surfacesurface
78%
amazingamazing
77%
learnedlearned
77%
mysterymystery
77%
neglectneglect
77%
observeobserve
77%
pitchedpitched
77%
realizerealize
77%
removalremoval
77%
repliedreplied
77%
talkingtalking
77%
comradecomrade
76%
acceptsaccepts
75%
bearingbearing
75%
chancedchanced
75%
chargescharges
75%
corruptcorrupt
75%
delayeddelayed
75%
earlierearlier
75%
embraceembrace
75%
endlessendless
75%
excitedexcited
75%
existedexisted
75%
furiousfurious
75%
greetedgreeted
75%
heavilyheavily
75%
jealousjealous
75%
lackinglacking
75%
performperform
75%
purposepurpose
75%
refusedrefused
75%
remainsremains
75%
reversereverse
75%
scandalscandal
75%
shadowsshadows
75%
shallowshallow
75%
silencesilence
75%
spanishspanish
75%
stretchstretch
75%
talentstalents
75%
warriorwarrior
75%
weepingweeping
75%
insteadinstead
74%
brieflybriefly
73%
createdcreated
73%
deceivedeceive
73%
degreesdegrees
73%
editingediting
73%
extremeextreme
73%
franklyfrankly
73%
herselfherself
73%
horizonhorizon
73%
journaljournal
73%
knockedknocked
73%
loweredlowered
73%
nearestnearest
73%
princesprinces
73%
reignedreigned
73%
resultsresults
73%
resumedresumed
73%
societysociety
73%
teacherteacher
73%
tempesttempest
73%
unknownunknown
73%
usuallyusually
73%
windingwinding
73%
workingworking
73%
glimpseglimpse
72%
privateprivate
72%
prudentprudent
72%
adaptedadapted
71%
assuredassured
71%
becausebecause
71%
becomesbecomes
71%
centurycentury
71%
chamberchamber
71%
effectseffects
71%
fishingfishing
71%
hearinghearing
71%
husbandhusband
71%
librarylibrary
71%
mountedmounted
71%
networknetwork
71%
passagepassage
71%
passionpassion
71%
projectproject
71%
prophetprophet
71%
respectrespect
71%
seemingseeming
71%
settingsetting
71%
singingsinging
71%
sixteensixteen
71%
snappedsnapped
71%
studiedstudied
71%
supportsupport
71%
surgeonsurgeon
71%
wantingwanting
71%
wonderswonders
71%
worldlyworldly
71%
wroughtwrought
71%
admiraladmiral
70%
awkwardawkward
70%
dollarsdollars
70%
enduredendured
70%
gaininggaining
70%
inducedinduced
70%
monarchmonarch
70%
partiesparties
70%
theatretheatre
70%
traffictraffic
70%
adornedadorned
69%
affairsaffairs
69%
bargainbargain
69%
belongsbelongs
69%
bendingbending
69%
boundedbounded
69%
burningburning
69%
cabinetcabinet
69%
colonelcolonel
69%
controlcontrol
69%
effortsefforts
69%
examineexamine
69%
flowersflowers
69%
illnessillness
69%
kissingkissing
69%
labourslabours
69%
lastinglasting
69%
legallylegally
69%
lodginglodging
69%
loyaltyloyalty
69%
madnessmadness
69%
martialmartial
69%
nowherenowhere
69%
outlineoutline
69%
paymentpayment
69%
peoplespeoples
69%
possesspossess
69%
pressedpressed
69%
procureprocure
69%
proudlyproudly
69%
pursuitpursuit
69%
quarrelquarrel
69%
reachedreached
69%
reachesreaches
69%
recoverrecover
69%
replacereplace
69%
slenderslender
69%
therebythereby
69%
torrenttorrent
69%
triumphtriumph
69%
cornerscorners
68%
passingpassing
68%
warrantwarrant
68%
absenceabsence
67%
accountaccount
67%
animalsanimals
67%
anxiousanxious
67%
ashamedashamed
67%
avoidedavoided
67%
blowingblowing
67%
captivecaptive
67%
circlescircles
67%
circuitcircuit
67%
classesclasses
67%
collegecollege
67%
compactcompact
67%
comparecompare
67%
convertconvert
67%
crowdedcrowded
67%
damageddamaged
67%
developdevelop
67%
eagerlyeagerly
67%
executeexecute
67%
fartherfarther
67%
fatiguefatigue
67%
fearfulfearful
67%
freedomfreedom
67%
friendsfriends
67%
granitegranite
67%
groundsgrounds
67%
hanginghanging
67%
improveimprove
67%
killingkilling
67%
mankindmankind
67%
maximummaximum
67%
medicalmedical
67%
notablenotable
67%
partnerpartner
67%
phrasesphrases
67%
pouringpouring
67%
profitsprofits
67%
readingreading
67%
releaserelease
67%
reservereserve
67%
shiningshining
67%
strangestrange
67%
subjectsubject
67%
successsuccess
67%
tobaccotobacco
67%
touchedtouched
67%
virtuesvirtues
67%
whereinwherein
67%
whetherwhether
67%
worshipworship
67%
belovedbeloved
65%
changeschanges
65%
checkedchecked
65%
commonscommons
65%
forestsforests
65%
officesoffices
65%
relatedrelated
65%
sessionsession
65%
sheltershelter
65%
thyselfthyself
65%
abilityability
64%
arrivalarrival
64%
betweenbetween
64%
broughtbrought
64%
capturecapture
64%
coloredcolored
64%
contentcontent
64%
couragecourage
64%
dependsdepends
64%
desireddesired
64%
dignitydignity
64%
displaydisplay
64%
drunkendrunken
64%
emotionemotion
64%
engagedengaged
64%
evidentevident
64%
extractextract
64%
foreverforever
64%
gallerygallery
64%
grievedgrieved
64%
helpinghelping
64%
huntinghunting
64%
impliedimplied
64%
laughedlaughed
64%
lettersletters
64%
manhoodmanhood
64%
marriedmarried
64%
modestymodesty
64%
neitherneither
64%
obviousobvious
64%
painfulpainful
64%
parlourparlour
64%
piercedpierced
64%
portionportion
64%
pretextpretext
64%
railwayrailway
64%
recordsrecords
64%
regardsregards
64%
restingresting
64%
rightlyrightly
64%
roaringroaring
64%
seasonsseasons
64%
selfishselfish
64%
servingserving
64%
sorrowssorrows
64%
sourcessources
64%
stationstation
64%
swiftlyswiftly
64%
thankedthanked
64%
trivialtrivial
64%
wealthywealthy
64%
buffalobuffalo
63%
callingcalling
63%
candlescandles
63%
chariotchariot
63%
crushedcrushed
63%
designsdesigns
63%
dresseddressed
63%
elementelement
63%
emperoremperor
63%
happierhappier
63%
heathenheathen
63%
managedmanaged
63%
obligedobliged
63%
offenceoffence
63%
perhapsperhaps
63%
praisedpraised
63%
roughlyroughly
63%
shakingshaking
63%
victimsvictims
63%
wrappedwrapped
63%
accusedaccused
62%
annoyedannoyed
62%
answersanswers
62%
bottlesbottles
62%
crownedcrowned
62%
estatesestates
62%
exampleexample
62%
farmersfarmers
62%
fathersfathers
62%
featurefeature
62%
hundredhundred
62%
leavingleaving
62%
liberalliberal
62%
licenselicense
62%
limitedlimited
62%
marshalmarshal
62%
nothingnothing
62%
presumepresume
62%
pretendpretend
62%
quietlyquietly
62%
raisingraising
62%
stoppedstopped
62%
streamsstreams
62%
tributetribute
62%
upwardsupwards
62%
youngeryounger
62%
advisedadvised
61%
articlearticle
61%
exactlyexactly
61%
provideprovide
61%
revengerevenge
61%
solicitsolicit
61%
tellingtelling
61%
thievesthieves
61%
addressaddress
60%
alteredaltered
60%
climateclimate
60%
consultconsult
60%
cookingcooking
60%
countercounter
60%
crueltycruelty
60%
defineddefined
60%
descentdescent
60%
deservedeserve
60%
disputedispute
60%
fallingfalling
60%
followsfollows
60%
handfulhandful
60%
harbourharbour
60%
haughtyhaughty
60%
howeverhowever
60%
invitedinvited
60%
leadersleaders
60%
leatherleather
60%
lecturelecture
60%
meetingmeeting
60%
membersmembers
60%
povertypoverty
60%
produceproduce
60%
promisepromise
60%
quarterquarter
60%
realityreality
60%
roundedrounded
60%
schemesschemes
60%
sectionsection
60%
serpentserpent
60%
shadowyshadowy
60%
shoutedshouted
60%
smokingsmoking
60%
springssprings
60%
supremesupreme
60%
systemssystems
60%
thitherthither
60%
tidingstidings
60%
tormenttorment
60%
treasontreason
60%
treatedtreated
60%
turningturning
60%
washingwashing
60%
westernwestern
60%
actionsactions
59%
againstagainst
59%
approveapprove
59%
attacksattacks
59%
castingcasting
59%
closingclosing
59%
despisedespise
59%
flushedflushed
59%
hostesshostess
59%
lightlylightly
59%
longinglonging
59%
partialpartial
59%
pleadedpleaded
59%
severalseveral
59%
sharingsharing
59%
stewardsteward
59%
winningwinning
59%
abandonabandon
58%
advanceadvance
58%
assaultassault
58%
averageaverage
58%
beggingbegging
58%
beneathbeneath
58%
besidesbesides
58%
brigadebrigade
58%
citizencitizen
58%
contestcontest
58%
dealingdealing
58%
glassesglasses
58%
goddessgoddess
58%
harmonyharmony
58%
hideoushideous
58%
highesthighest
58%
leaguesleagues
58%
leisureleisure
58%
logicallogical
58%
nervousnervous
58%
offeredoffered
58%
peasantpeasant
58%
playingplaying
58%
reportsreports
58%
ringingringing
58%
sciencescience
58%
subduedsubdued
58%
suggestsuggest
58%
survivesurvive
58%
trainedtrained
58%
unusualunusual
58%
variousvarious
58%
witnesswitness
58%
yieldedyielded
58%
artistsartists
57%
beatingbeating
57%
bedroombedroom
57%
billionbillion
57%
bravelybravely
57%
chickenchicken
57%
copyingcopying
57%
cordialcordial
57%
cottagecottage
57%
deepestdeepest
57%
exaltedexalted
57%
expressexpress
57%
factoryfactory
57%
failingfailing
57%
failurefailure
57%
feelingfeeling
57%
femalesfemales
57%
happilyhappily
57%
keepingkeeping
57%
massivemassive
57%
pleasedpleased
57%
priestspriests
57%
quittedquitted
57%
removedremoved
57%
resolveresolve
57%
returnsreturns
57%
somehowsomehow
57%
sustainsustain
57%
uniformuniform
57%
windowswindows
57%
workmenworkmen
57%
amiableamiable
56%
channelchannel
56%
clothedclothed
56%
conceptconcept
56%
correctcorrect
56%
discussdiscuss
56%
diseasedisease
56%
dislikedislike
56%
draggeddragged
56%
eternaleternal
56%
genuinegenuine
56%
glancedglanced
56%
glowingglowing
56%
hostilehostile
56%
huntershunters
56%
kingdomkingdom
56%
millionmillion
56%
morningmorning
56%
nationsnations
56%
orderedordered
56%
placingplacing
56%
popularpopular
56%
puttingputting
56%
qualityquality
56%
quicklyquickly
56%
shortershorter
56%
sinkingsinking
56%
skilfulskilful
56%
slaveryslavery
56%
sternlysternly
56%
templestemples
56%
throughthrough
56%
typicaltypical
56%
utterlyutterly
56%
valiantvaliant
56%
varietyvariety
56%
volumesvolumes
56%
warningwarning
56%
alreadyalready
55%
anguishanguish
55%
consentconsent
55%
countedcounted
55%
cuttingcutting
55%
defensedefense
55%
electedelected
55%
expenseexpense
55%
explainexplain
55%
glancesglances
55%
gravitygravity
55%
indulgeindulge
55%
lettingletting
55%
picturepicture
55%
prayersprayers
55%
preciseprecise
55%
primaryprimary
55%
receiptreceipt
55%
refinedrefined
55%
rushingrushing
55%
scarletscarlet
55%
tedioustedious
55%
blazingblazing
54%
cultureculture
54%
damagesdamages
54%
economyeconomy
54%
enabledenabled
54%
fertilefertile
54%
foolishfoolish
54%
furtherfurther
54%
musicalmusical
54%
paintedpainted
54%
payablepayable
54%
richardrichard
54%
royaltyroyalty
54%
shockedshocked
54%
terraceterrace
54%
torturetorture
54%
verdictverdict
54%
arrangearrange
53%
clothesclothes
53%
collectcollect
53%
companycompany
53%
contactcontact
53%
cunningcunning
53%
currentcurrent
53%
demandsdemands
53%
elegantelegant
53%
featherfeather
53%
forwardforward
53%
gradualgradual
53%
guessedguessed
53%
hurriedhurried
53%
lighterlighter
53%
marchedmarched
53%
mentionmention
53%
missionmission
53%
monstermonster
53%
nativesnatives
53%
patientpatient
53%
regularregular
53%
renewedrenewed
53%
slumberslumber
53%
staringstaring
53%
stomachstomach
53%
suspectsuspect
53%
uttereduttered
53%
viciousvicious
53%
writerswriters
53%
draughtdraught
52%
momentsmoments
52%
tyrannytyranny
52%
ancientancient
50%
anybodyanybody
50%
attemptattempt
50%
awfullyawfully
50%
baggagebaggage
50%
balancebalance
50%
barrierbarrier
50%
benefitbenefit
50%
betwixtbetwixt
50%
biddingbidding
50%
blushedblushed
50%
breadthbreadth
50%
breathebreathe
50%
captaincaptain
50%
carefulcareful
50%
cautioncaution
50%
closelyclosely
50%
compasscompass
50%
concernconcern
50%
concertconcert
50%
confessconfess
50%
consistconsist
50%
crossedcrossed
50%
dangersdangers
50%
dearestdearest
50%
desiresdesires
50%
disgustdisgust
50%
doctorsdoctors
50%
dreameddreamed
50%
earnestearnest
50%
earthlyearthly
50%
enemiesenemies
50%
englishenglish
50%
enteredentered
50%
equallyequally
50%
erectederected
50%
fifteenfifteen
50%
fillingfilling
50%
floatedfloated
50%
forgiveforgive
50%
garmentgarment
50%
generalgeneral
50%
ghastlyghastly
50%
grantedgranted
50%
hastilyhastily
50%
himselfhimself
50%
honestyhonesty
50%
imitateimitate
50%
instantinstant
50%
kitchenkitchen
50%
knightsknights
50%
knowingknowing
50%
lawyerslawyers
50%
libertyliberty
50%
liftinglifting
50%
lightedlighted
50%
managermanager
50%
mannersmanners
50%
meaningmeaning
50%
messagemessage
50%
mingledmingled
50%
missingmissing
50%
noblestnoblest
50%
notionsnotions
50%
numbersnumbers
50%
openingopening
50%
pacificpacific
50%
pantingpanting
50%
plantedplanted
50%
plunderplunder
50%
promotepromote
50%
protestprotest
50%
radiantradiant
50%
rapidlyrapidly
50%
readilyreadily
50%
reasonsreasons
50%
refusalrefusal
50%
revenuerevenue
50%
romanceromance
50%
runningrunning
50%
sadnesssadness
50%
schoolsschools
50%
shortlyshortly
50%
showingshowing
50%
shuddershudder
50%
sisterssisters
50%
sittingsitting
50%
smilingsmiling
50%
someonesomeone
50%
steamersteamer
50%
strikesstrikes
50%
studiesstudies
50%
succeedsucceed
50%
sunrisesunrise
50%
thunderthunder
50%
tonguestongues
50%
towardstowards
50%
trustedtrusted
50%
unhappyunhappy
50%
uprightupright
50%
vaguelyvaguely
50%
ventureventure
50%
victoryvictory
50%
violentviolent
50%
visiblevisible
50%
visionsvisions
50%
visitorvisitor
50%
walkingwalking
50%
watchedwatched
50%
wearingwearing
50%
wherebywhereby
50%
whistlewhistle
50%
woundedwounded
50%
writingwriting
50%
mansionmansion
48%
plainlyplainly
48%
refrainrefrain
48%
centralcentral
47%
destroydestroy
47%
doorwaydoorway
47%
dreadeddreaded
47%
drivingdriving
47%
escapedescaped
47%
facultyfaculty
47%
federalfederal
47%
finallyfinally
47%
gesturegesture
47%
healthyhealthy
47%
historyhistory
47%
impressimpress
47%
injuredinjured
47%
joiningjoining
47%
kindredkindred
47%
landinglanding
47%
largelylargely
47%
machinemachine
47%
naturalnatural
47%
partingparting
47%
patternpattern
47%
plungedplunged
47%
regionsregions
47%
scholarscholar
47%
slippedslipped
47%
speakerspeaker
47%
villagevillage
47%
welcomewelcome
47%
anotheranother
46%
brotherbrother
46%
chanceschances
46%
conductconduct
46%
containcontain
46%
crimsoncrimson
46%
curtaincurtain
46%
despitedespite
46%
easterneastern
46%
elderlyelderly
46%
exhibitexhibit
46%
feedingfeeding
46%
greatergreater
46%
holidayholiday
46%
honourshonours
46%
intenseintense
46%
justicejustice
46%
lookinglooking
46%
negroesnegroes
46%
objectsobjects
46%
outsideoutside
46%
pointedpointed
46%
preventprevent
46%
receivereceive
46%
secondsseconds
46%
seriousserious
46%
seventyseventy
46%
touchestouches
46%
customscustoms
45%
detailsdetails
45%
fanciedfancied
45%
flowingflowing
45%
gettinggetting
45%
growinggrowing
45%
motivesmotives
45%
officerofficer
45%
opinionopinion
45%
satisfysatisfy
45%
secretssecrets
45%
seekingseeking
45%
sellingselling
45%
steppedstepped
45%
stirredstirred
45%
tightlytightly
45%
charmedcharmed
44%
claspedclasped
44%
comfortcomfort
44%
descenddescend
44%
destinydestiny
44%
distantdistant
44%
disturbdisturb
44%
enjoyedenjoyed
44%
faintlyfaintly
44%
funeralfuneral
44%
furnishfurnish
44%
gallantgallant
44%
imposedimposed
44%
outwardoutward
44%
prevailprevail
44%
printedprinted
44%
protectprotect
44%
revivedrevived
44%
sinceresincere
44%
soldiersoldier
44%
studentstudent
44%
totallytotally
44%
troubletrouble
44%
twistedtwisted
44%
vehiclevehicle
44%
weighedweighed
44%
workersworkers
44%
clearedcleared
43%
declinedecline
43%
deliverdeliver
43%
devoteddevoted
43%
droppeddropped
43%
formingforming
43%
gardensgardens
43%
pocketspockets
43%
similarsimilar
43%
smallersmaller
43%
vesselsvessels
43%
warlikewarlike
43%
awaitedawaited
42%
chimneychimney
42%
coveredcovered
42%
curiouscurious
42%
derivedderived
42%
harvestharvest
42%
pitifulpitiful
42%
processprocess
42%
requestrequest
42%
spiritsspirits
42%
spoiledspoiled
42%
temptedtempted
42%
whisperwhisper
42%
weatherweather
41%
amongstamongst
40%
behavedbehaved
40%
capablecapable
40%
costumecostume
40%
crystalcrystal
40%
dressesdresses
40%
endowedendowed
40%
essenceessence
40%
fanciesfancies
40%
foliagefoliage
40%
growledgrowled
40%
lessonslessons
40%
mastersmasters
40%
parentsparents
40%
relieverelieve
40%
requirerequire
40%
rollingrolling
40%
savioursaviour
40%
seizingseizing
40%
stayingstaying
40%
stoopedstooped
40%
sufficesuffice
40%
travelstravels
40%
welfarewelfare
40%
whereaswhereas
40%
wishingwishing
40%
chapterchapter
39%
gravelygravely
39%
villainvillain
39%
appearsappears
38%
countrycountry
38%
declaredeclare
38%
eminenteminent
38%
fingersfingers
38%
kindledkindled
38%
locatedlocated
38%
methodsmethods
38%
mixturemixture
38%
readersreaders
38%
restorerestore
38%
sendingsending
38%
sublimesublime
38%
traitortraitor
38%
greatlygreatly
37%
trembletremble
37%
adoptedadopted
36%
angrilyangrily
36%
attractattract
36%
blanketblanket
36%
blessedblessed
36%
chieflychiefly
36%
commandcommand
36%
concealconceal
36%
councilcouncil
36%
fortunefortune
36%
graspedgrasped
36%
gregorygregory
36%
guardedguarded
36%
hauntedhaunted
36%
lanternlantern
36%
leaningleaning
36%
penaltypenalty
36%
pillarspillars
36%
reducedreduced
36%
reflectreflect
36%
remorseremorse
36%
summonssummons
36%
varyingvarying
36%
willingwilling
36%
alarmedalarmed
35%
figuresfigures
35%
foreignforeign
35%
largestlargest
35%
marquismarquis
35%
withoutwithout
35%
allowedallowed
33%
batterybattery
33%
eveningevening
33%
flashedflashed
33%
immenseimmense
33%
impulseimpulse
33%
inquiryinquiry
33%
miraclemiracle
33%
palacespalaces
33%
pullingpulling
33%
soundedsounded
33%
swallowswallow
33%
thereintherein
33%
threatsthreats
33%
waitingwaiting
33%
weaponsweapons
33%
whereofwhereof
33%
whoeverwhoever
33%
admiredadmired
31%
arisingarising
31%
cavalrycavalry
31%
conventconvent
31%
despairdespair
31%
doubteddoubted
31%
drifteddrifted
31%
securedsecured
31%
tragedytragedy
31%
findingfinding
30%
obscureobscure
30%
praisespraises
30%
counselcounsel
29%
footingfooting
29%
foundedfounded
29%
sailingsailing
29%
savagessavages
29%
streetsstreets
29%
anxietyanxiety
27%
pushingpushing
27%
apologyapology
25%
authorsauthors
25%
opposedopposed
25%
clearlyclearly
24%
columnscolumns
24%
puzzledpuzzled
23%
prepareprepare
22%
bishopsbishops
21%
heightsheights
20%
insectsinsects
20%
sceneryscenery
20%
remarksremarks
19%
believebelieve
17%
supposesuppose
14%
imagineimagine
13%
sailorssailors
13%

Score Distribution

Percentile by Number Answered

Percent of People with Each Score

Your Score History

You have not taken this quiz